000 01316nam a22003617a 4500
001 0024983
003 KOHA_MİRAKIL
005 20260207002454.0
007 ta
008 110419b2001 tu a|||gr||||#||||0|tur |
020 _a9757669822
_c7,51
040 _aTR-BiSEU
_btur
_cTR-BiSEU
_erda
041 0 _atur
044 _ctu
050 _aHD69
_b.C67 2001
245 0 _aÇöp hizmetleri yönetimi/
_ceditör Birgül Ayman Güler , Ayhan Atlı...[ve bşk.].
264 1 _aAnkara :
_bTürkiye ve Orta Doğu Amme İdaresi Enstitüsü
_c2001
300 _avı, 246 sayfa: tablo; 24 cm.
336 _ametin
_btxt
_2rdacontent
337 _aaracısız
_bn
_2rdamedia
338 _acilt
_bnc
_2rdacarrier
490 1 _aTürkiye ve OrtaDoğu Amme İdaresi Enstitüsü Yayını No ;
_v302.
490 1 _aYerel Yönetimler Araştırma Eğitim Merkezi No ;
_v11.
500 _aKaynakça ve dizin var.
650 0 _aPollution--Turkey.
_950762
650 0 _aGarbage project.
_950763
650 0 _aIndustrıal project management.
_950764
650 0 _aPollution--Economic aspects.
_950765
650 0 _aSewage purification.
_950766
830 1 _aTürkiye ve OrtaDoğu Amme İdaresi Enstitüsü Yayını No ;
_v302.
_950767
830 1 _aYerel Yönetimler Araştırma Eğitim Merkezi No ;
_v11.
_950768
942 _2lcc
_cBK
999 _c24933
_d24933